000 00524nam a2200181Ia 4500
005 20250923145303.0
008 008 250917s9999 xx 000 0 eng d
037 _aTextual
040 _aDSWL
_beng
_cDSWL
041 _aeng
_2eng
084 _aYX,z1;6-P8.56, N64
_qDSWL
100 _aSoothill, Keith
_9833699
245 0 _aPrisoner's Release
_cby Keith Soothill
260 _aLondon
_bGeorge Allen & Unwin
_c1974
300 _a319p.
942 _cTEXL
_hYX,z1;6-P8.56, N64
999 _c1449495
_d1449495